000 00163nam a22000857a 4500
082 _a823
100 _aHAZEL HUTCHINS
245 _aNICHOLAS AT THE LIBRARY
942 _cBK
999 _c8158
_d8158